| 000 | 00575nam a2200217Ia 4500 | ||
|---|---|---|---|
| 003 | OSt | ||
| 005 | 20241029131133.0 | ||
| 008 | 210210b2012 xxu||||| |||| 00| 0 eng d | ||
| 020 | _a9780763743840 | ||
| 040 | _cAL | ||
| 041 | _aeng | ||
| 082 | _a796.069 THOS | ||
| 100 |
_aTHORNTON (Patrick K) _9183671 |
||
| 245 | _aSports ethics for sports management professionals | ||
| 260 |
_aCanada _bJones & Bartlett _c2012 |
||
| 300 | _axv, 500 | ||
| 690 |
_aAthletic & Outdoor Sports _9183672 |
||
| 700 |
_aCHAMPION (Walter T) _9183673 |
||
| 906 | _a068925 | ||
| 942 |
_2ddc _cBK |
||
| 999 |
_c153013 _d153013 |
||